000 00299nam a2200109Ia 4500
008 230907s9999||||xx |||||||||||||| ||und||
082 _a621.31042
_bANA
100 _aKrause, Paul C.
_9115302
245 0 _aAnalysis of electric machinery and drive systems /
300 _axiv, 659 pages:
942 _cBK
999 _c598053
_d598053